Score 0/10 Timer 03:00
0 Plays Today
% Correct
sarmale
95.7%
tocanita de vita cu cartofi
94%
drob
93.4%
budinca de dovlecei la cuptor
93.1%
mamaliga cu branza si smantana
92.2%
papanasi
90.8%
ciorba de burta
87.6%
jumări cu ceapă
87.4%
mici
85.3%
slaninuta afumata cu boia
83.9%
Remove Ads.
Support Sporcle.
Get the best of Sporcle when you Go Orange. This ad-free experience offers more features, more stats, and more fun while also helping to support Sporcle. Thank you for becoming a member.

You're not logged in!

Compare scores with friends on all Sporcle quizzes.
OR
Log In

Sporcle TV

Today on Sporcle TV


Watch our educational content, quiz creation guides, and fun videos on Sporcle TV.

Show Comments

Extras

Top Quizzes Today


Score Distribution

Paid Content

Your Account Isn't Verified!

In order to create a playlist on Sporcle, you need to verify the email address you used during registration. Go to your Sporcle Settings to finish the process.

Report this User

Report this user for behavior that violates our Community Guidelines.

Details: